00810 2200205 4500001002100000005001700021008004100038035002400079040001200103082001000115090001900125100002000144245019500164260012600359300004000485500001600525504002500541650002000566990001800586YOGYA-0113000000043020130108110257.0 ind  0010-011300000000430 aYOPDYOG a618.2 aSK 618.2 Ris E aRISMAHARA LUBIS aEvaluasi pencapaian ketrampilan mahasiswa Akademi Kebidanan jalur umum Semester VI terhadap mata kuliah kebidanan komunitas (309) di Akademi Kebidanan Aisyiah Yogyakarta/oleh Rismahara Lubis aYogyakartabProgram D.IV Perawat Pendidik Program Khusus Bidan Pendidik Fakultas Kedokteran Universitas Gadjah Madac2001 aIX, 39, (12) lbrbilus, lampc29 cm aSkripsi UGM aBibliografi (lbr.39) aKebidanan, ilmu a42039-PD/A.12